000 00995nam a2200277Ia 4500
003 OSt
005 20221005110747.0
006 a|||||r|||| 00| 0
007 ta
008 221004b |||||||| |||| 00| 0 hin d
020 _a9788171784745 (hbk)
_c150
024 _a10983
037 _b8178, 20/03/2014, Rajkamal Prakashan Pvt. Ltd.
_cTextual
040 _aCRL
_cCRL
_bhin
041 _2hin
_ahin
082 _aO152,3N27,TS, K9;Q1
100 _aरज़ा, राही मासूम
245 0 _aटोपी शुक्ला
246 _aṬopī shuklā
250 _a4 संस्करण
260 _aनई दिल्ली
_bराजकमल प्रकाशन भारत
_c2011
300 _a114पृ0
_ccm.
650 _aहिन्दी साहित्य
942 _hO152,3N27,TS, K9;Q1
_cTEXL
_2cc
999 _c1019798
_d1019798